00462nam a2200181 a 4500001001300000003000900013005001700022008004100039020001000080082001700090100002300107245002900130260003900159300000900198500003500207650001500242700002300257nice12345678IN_TiNIC20260116012122.0070702s1992 seca grp 000 0 eng  ac10000a297.86bALL3 aAllahdin, Abdullah aPromised World Messenger aSecunderabad bNo Publisher c1992 a487p aincludes index and biblioraphy aAhmadiyyah1 aAllahdin, Abdullah